Geronimo Stilton : Field trip to Niagra Falls (Record no. 330)

MARC details
000 -LEADER
fixed length control field 00752nam a22002537a 4500
001 - CONTROL NUMBER
control field 330
003 - CONTROL NUMBER IDENTIFIER
control field FISKH
005 - DATE AND TIME OF LATEST TRANSACTION
control field 20230323103652.0
008 - FIXED-LENGTH DATA ELEMENTS--GENERAL INFORMATION
fixed length control field 230323b cb ||||| |||| 00| 0 eng d
020 ## - INTERNATIONAL STANDARD BOOK NUMBER
International Standard Book Number 9780439691468
040 ## - CATALOGING SOURCE
Original cataloging agency FISKH
Language of cataloging eng
Transcribing agency FISKH
Modifying agency FISKH
050 ## - LIBRARY OF CONGRESS CALL NUMBER
Classification number PZ7.S86
082 ## - DEWEY DECIMAL CLASSIFICATION NUMBER
Classification number 853.914
100 ## - MAIN ENTRY--PERSONAL NAME
Personal name Dami, Elisabetta
Dates associated with a name 1958-
245 ## - TITLE STATEMENT
Title Geronimo Stilton : Field trip to Niagra Falls
260 ## - PUBLICATION, DISTRIBUTION, ETC.
Place of publication, distribution, etc. New York :
Name of publisher, distributor, etc. Scholastic.
Date of publication, distribution, etc. 2006.
300 ## - PHYSICAL DESCRIPTION
Extent 110 pages.
Dimensions 20 cm
490 ## - SERIES STATEMENT
Series statement Geronimo Stilton
505 ## - FORMATTED CONTENTS NOTE
Formatted contents note K
520 ## - SUMMARY, ETC.
Summary, etc. Geronimo Stilton recounts his trip to Niagara Falls when he accompanies some young mice there as part of a school field trip.
521 8# - TARGET AUDIENCE NOTE
Target audience note 580 <br/>
Source Lexile
521 8# - TARGET AUDIENCE NOTE
Target audience note K <br/>
Source Raz-Plus
942 ## - ADDED ENTRY ELEMENTS (KOHA)
Source of classification or shelving scheme Dewey Decimal Classification
Koha item type Books
Suppress in OPAC No
Holdings
Withdrawn status Lost status Source of classification or shelving scheme Damaged status Not for loan Collection Home library Current library Shelving location Date acquired Total Checkouts Full call number Barcode Date last seen Price effective from Koha item type
    Dewey Decimal Classification     Juvenile Fiction Footprints International School Library Network Toul Kork Campus Footprints International School Library Network Toul Kork Campus TK Primary Library Room(4th Floor), Bookcase 3&4, Shelves 17-32, Yellow Books 03/23/2023   DAM 853.914 PZ7.S86 FISTK00401 03/23/2023 03/23/2023 Books